Frasier Characters by Picture - Statistics

General Stats
  • This quiz has been taken 315 times
  • The average score is 11 of 24
Answer Stats
Picture Answer % Correct
Dr. Frasier Crane
99%
Dr. Niles Crane
92%
Daphne Moon/Crane
86%
Roz Doyle
85%
Martin Crane
79%
Lilith Sternin
74%
Bob "Bulldog" Briscoe
69%
Eddie
65%
Frederick Crane
47%
Bebe Glazer
38%
Gil Chesterton
37%
Kenny Daly
35%
Donny Douglas
34%
Simon Moon
32%
Dr. Mary
25%
Maris Crane
25%
Noel Shempsky
25%
Sherry Dempsey
23%
Gertrude Moon
22%
Ronee Lawrence
19%
Kirby Gardner
18%
Charlotte
13%
Julia Wilcox
13%
Ann Hodges
10%
No matching quizzes found
Score Distribution
Percent of People with Each Score
Percentile by Number Answered
Your Score History
You have not taken this quiz